Газлийские землетрясения 1976 г. : инструментальные наблюдения в ближней зоне

Մատենագիտական մանրամասներ
Համատեղ հեղինակ: Академия наук СССР (АН СССР)
Այլ հեղինակներ: Косарев Г. Л. Григорий Леонидович (редактор)
Լեզու:ռուսերեն
Հրապարակվել է: Москва, Наука, 1983
Խորագրեր:
Ձևաչափ: Գիրք
KOHA link:https://koha.lib.tpu.ru/cgi-bin/koha/opac-detail.pl?biblionumber=289306

MARC

LEADER 00000nam0a2200000 4500
001 289306
005 20231102000156.0
020 |a RU  |b 83-90112 
035 |a (RuTPU)RU\TPU\book\313811 
090 |a 289306 
100 |a 20150401d1983 k y0rusy5003 ca 
101 0 |a rus 
102 |a RU 
105 |a a z 001zy 
200 1 |a Газлийские землетрясения 1976 г. : инструментальные наблюдения в ближней зоне  |f Академия наук СССР (АН СССР) ; под ред. Г. Л. Косарева 
210 |a Москва  |c Наука  |d 1983 
215 |a 198 с.  |c ил. 
320 |a Библиогр.: с. 192-195 
606 |a Землетрясения  |2 stltpush  |3 (RuTPU)RU\TPU\subj\11717  |9 38626 
610 1 |a инструментальные наблюдения 
610 1 |a гипоцентры 
610 1 |a афтершоки 
610 1 |a сейсмический режим 
610 1 |a грунты 
610 1 |a колебания 
610 1 |a характеристики 
610 1 |a инструментальные данные 
610 1 |a сейсмическое микрорайонирование 
610 1 |a Газлийские землетрясения 
675 |a 550.348.436  |v 3 
702 1 |a Косарев  |b Г. Л.  |g Григорий Леонидович  |4 340 
712 0 2 |a Академия наук СССР (АН СССР)  |c (Ленинград/Москва)  |c (1925-1991)  |2 stltpush  |3 (RuTPU)RU\TPU\col\722 
801 0 |a RU  |b RuMRKP  |c 19950704  |g psbo 
801 1 |a RU  |b 63413507  |c 20150401 
801 2 |a RU  |b 63413507  |c 20180220  |g RCR 
942 |c BK